Quaderns d'arquitectura i urbanisme (Registro nro. 12359)

Detalles MARC
000 -LEADER
longitud fija campo de control 02574aab a2200517 a 4500
003 - IDENTIFICADOR DE NUMERO DE CONTROL
control del campo AR-RoUNA
005 - FECHA DE LA ULTIMA MODIFICACION
control del campo 20260312163319.0
008 - CAMPO DE CONTROL - LIBROS
longitud fija campo de control 140529||||||||||||||||| |||| 0|||| d
022 ## - ISSN
ISSN 11338857
040 ## - ORIGEN DE LA CATALOGACION
Agencia que cataloga la obra original AR-RoUNA
Idioma en que se cataloga spa
041 ## - CODIGO DE IDIOMA
Codigo de idioma del texto / sonido o titulo separado spa
-- fre
080 ## - CDU
Numero de clasificacion 72.036
092 ## - SIGNATURA TOPOGRAFICA
Libristica B485
100 1# - ASIENTO PRINCIPAL - NOMBRE PERSONAL
9 (RLIN) 10939
Nombre personal Gausa Navarro, Manuel
245 ## - TITULO PROPIAMENTE DICHO
Titulo Quaderns d'arquitectura i urbanisme
Medio nº243
260 ## - EDITORIAL - PUBLICACION, DISTRIBUCION, ETC. (Pie de imprenta)
Lugar de publicacion, distribucion, etc Barcelona, España :
Nombre del editor, distribuidor, etc Collegi d'Arquitectes de Catalunya,
Fecha de publicacion 1944
300 ## - DESCRIPCION FISICA
Extension 140 p. :
Otros detalles fisicos il. col.,
-- planos,
-- plantas,
Dimensiones 31x24 cm
505 0# - NOTA DE CONTENIDO CON FORMATO
Título
Título principal Perea Jorge/ Mansilla Jordi / Echeverria Jiosé Luis/ Revisita. p. 16
505 0# - NOTA DE CONTENIDO CON FORMATO
Título principal Paliaje de cambio, crecimiento e incertidumbre Betrabajando / El Museo de Israel. Zvi Efrat Meira Kowalsky. p. 18
505 0# - NOTA DE CONTENIDO CON FORMATO
Título principal Ofis Arhitekell/ Sistema Museo I Casa / Renovación Museo y Villa o casa. Roemer Van Toorn. p. 32
505 0# - NOTA DE CONTENIDO CON FORMATO
Título principal Regeneración paisajista en el Valle de Juan. Restauración, Jardín en la casa - tabrica Turull / Jardín en la casa Turull y fabrica. Parque Cordelles. Parque sobre la cochera de autobuses. TMB en Horta Teresa Gall. p. 48
505 0# - NOTA DE CONTENIDO CON FORMATO
Título principal Paisajista Font a Solkan (Eslovenia) + de una casa de lo muertos. Escenografía para la ópera de Bonn/ Paisajismo; Fuente en Solkan. Totenhaus. Escenografía para la ópera de Bonn. Sadar Vuga Arhitekti. El tiempo está de nuestra parte/ Bostjan Vuga. p. 64
505 0# - NOTA DE CONTENIDO CON FORMATO
Título principal Musica congelada: Karin Jormakka. p. 76
505 0# - NOTA DE CONTENIDO CON FORMATO
Título principal Cronos / Pere Formiguera/ Ramón Faura. p. 94
505 0# - NOTA DE CONTENIDO CON FORMATO
Título principal Canopy / estructura efímera en la PS 1. Estructura temporal. NARCHITECTS. p. 110
505 0# - NOTA DE CONTENIDO CON FORMATO
Título principal Propuesta de crecimiento en VICA / Roldán Berengue Arquitectos. p. 123
505 0# - NOTA DE CONTENIDO CON FORMATO
Título principal Bial Perez / Gestión urbanística en el Papiol. Dirección de urbanismo. p. 128
505 0# - NOTA DE CONTENIDO CON FORMATO
Título principal Referencias Bibliográficas/ Viaplana Albert. p. 134
505 0# - NOTA DE CONTENIDO CON FORMATO
Título principal Créditos. p. 140
600 ## - MATERIA - NOMBRES PERSONALES
Nombre personal Soto, Roberto
9 (RLIN) 11002
650 ## - MATERIA - TERMINO TEMATICO
Término tematico general Arquitectura Contemporanea
9 (RLIN) 11003
650 ## - MATERIA - TERMINO TEMATICO
Término tematico general Ciudad
9 (RLIN) 7
650 #0 - MATERIA - TERMINO TEMATICO
Término tematico general Urbanizaciones
9 (RLIN) 3180
650 ## - MATERIA - TERMINO TEMATICO
Término tematico general Rehabilitacion
9 (RLIN) 492
650 ## - MATERIA - TERMINO TEMATICO
Término tematico general Embajadas
9 (RLIN) 4461
651 #0 - MATERIA - NOMBRE GEOGRAFICO
Termino geografico Argelaguer (Gerona, España)
9 (RLIN) 11004
653 ## - MATERIA - PALABRAS CLAVES
Palabras claves Pasarelas
653 ## - MATERIA - PALABRAS CLAVES
Palabras claves Puente Peatonal
653 ## - MATERIA - PALABRAS CLAVES
Palabras claves ATC Argentina, Buenos Aires (Argentina)
773 ## - ENTRADA DEL ITEM MAYOR
Entrada principal Quaderns: d'arquitectura i urbanisme
Lugar, editorial y fecha de la publicación Barcelona, Collegi d'Arquitectes de Catalunya 1944
Vol. - nro. (mes-año), pág. Nº 243 (Oct 2004) p.140
ISSN 11338857
908 ## - SOPORTE
Soporte Imp
930 ## - ACCESION
Numero de accesion (NR) 6735
942 ## - FUENTE DE CLASIFICACION
Clasificacion Universal Decimal Classification
Tipo de item Analítica
945 ## - INFORMACION DE PROCESAMIENTO
Codigo del operador MBP
Fecha de ingreso o modificacion 2024-08-14
980 ## - EQUIVALENCE OR CROSS-REFERENCE-SERIES STATEMENT--PERSONAL NAME/TITLE [LOCAL, CANADA]
Miscellaneous information Maricel Allasia
Linkage 1
Personal name Maricel Allasia
Field link and sequence number 1
Existencias
Estado retiro Estado perdido Sistema de clasificacion Estado general Restricciones de uso Biblioteca de origen Ubicacion actual Localizacion en estante Fecha de adquisicion Fuente de adquisicion Prestamos totales Signatura y librística Numero de inventario (BARCODE) Fecha ultima visto Numero de ejemplar Fecha del precio de reemplazo Tipo de elemento KOHA Número de Kardex Nota no publica
Disponible Disponible udc No dañado Ningun uso de restricciones Arq. Hilarión H. Larguia Arq. Hilarión H. Larguia Heme 12/03/2026 Don   72.036 1002924 12/03/2026 ej. 1 12/03/2026 Analítica K34